Statistics for Random DreamWorks characters by description #2

Click here to take the quiz!

General Stats

  • This quiz has been taken 16 times
  • The average score is 10 of 16

Answer Stats

HintAnswer% Correct
Isolated princess who takes a different form at night, and nearly marries the kingdom's selfish lord. Ends up marrying one of her kind (her night form, which ends up being her permanent form).Princess Fiona
100%
Feline outlaw who can get to be careless too often, resulting in many deaths (of his own...).Puss in Boots
100%
A dog genius who has a kid who isn't a dog, invents a well-known time machine that is later used to mess up the past and present.Mr. Peabody
80%
The unlikely father of an animal who is completely different from him. He is known for having a love and taste for noodles.Mr. Ping
70%
The supernatural force that comes for us all who takes form of a living being to try to teach a gato a lesson.Death
60%
A girl from Barbados who lost her mother to a major abduction, leaving her the last human untouched by aliens...until she partners up with one.Gratuity "Tip" Tucci
60%
Psychotic farmer who treats everyone and everything around her like trash, and runs a chicken pen with an iron fist.Mrs. Melisha Tweedy
60%
News reporter gal who is the love interest of the nerdy camera man, though a little creepier than that.Roxanne Ritchi
60%
An construction insect who joins the army to try to get the princess, befriends an insect who is actually part of the army.Z
60%
BFFs who love getting themselves into trouble, later turn their principal into a comic book superhero they invented themselves.George Beard and Harold Hutchins
50%
A girl who originates from a well-known fairy tale who becomes a member of a non-human family.Goldilocks
50%
Power hungry pie factory CEO who will stop at nothing to get what he wants, including shooting a puppy in the face.Jack Horner
50%
An innocent and lovable puppy who wants to become a therapy dog, and aids two feline outlaws on their journey to a magical place.Perrito
50%
Cruel slave owner who is also the leader of the country, and refuses to let the slaves go until things take a tragic turn.Pharaoh Ramses II
40%
A guinea pig who convinces a gang of outlaws to become good guys, then reveals that he himself is evil and robs a children's charity.Professor Rupert Marmalade
40%
Boyfriend of the main character's love interest who loses his mind after his girlfriend starts paying more attention to a talking insect than him.Ken
30%

Score Distribution

Percentile by Number Answered

Percent of People with Each Score

Your Score History

You have not taken this quiz